| 000 | 01599nam a2200337 a 4500 | ||
|---|---|---|---|
| 999 |
_c122225 _d122225 |
||
| 003 | BLK | ||
| 005 | 20241206005451.0 | ||
| 008 | 180409b bul|||||r ||||||| ||bul|| | ||
| 010 | _aKNG00127860000 | ||
| 040 | _aBLK | ||
| 041 |
_aBUL _cBUL |
||
| 080 |
_aБългарска литература _b821.163.2 _x-1(081.2) _z821.163.2-1(081.2) |
||
| 100 |
_aБагряна, Елисавета _d1893-1991 _qБелчева, Елисавета Любомирова _9364149 |
||
| 139 |
_aБагряна, Елисавета _bБ 13 |
||
| 245 | 1 | 0 |
_aИзбрана лирика _bВ 2 т. _cЕлисавета Багряна _nТ. 1 _pАмазонка / предг. от Пантелей Зарев |
| 257 | _aBGR | ||
| 260 |
_aСофия _bБълг. писател _c1973 - |
||
| 300 | _c23 см | ||
| 380 | _aX | ||
| 500 | _aИстинското име на авт. е Елисавета Любомирова Белчева. | ||
| 505 | _tВечната и святата | ||
| 505 | _tЗвезда на моряка | ||
| 505 | _tСърце човешко | ||
| 700 | 1 |
_aЗарев, Пантелей _eпредг. от на том _gПантев, Пантелей Йорданов _9365745 |
|
| 700 |
_aБелчева, Елисавета Любомирова _9269418 |
||
| 760 | 1 |
_aБагряна, Елисавета _d1973 _h260 с. : 1 л. портр. _tТ. 1 Амазонка / предг. от Пантелей Зарев |
|
| 852 |
_aЦб 67130 _bЦб |
||
| 942 |
_cKNG _n0 _04 _s1 |
||
| 944 |
_aCR _c23.02.2012 _lCRON CRON _k |
||
| 944 |
_aED _c2022-07-14 _kГГГ |
||